000 00292nam a22001337a 4500
008 170527b xxu||||| |||| 00| 0 eng d
020 _a9780470225967
041 _aeng
080 _23RD
_a621.3
100 _a25
101 _aIM
245 _aENGINEERING DESIGN
_cDYM, C.L
942 _2udc
_cBK
999 _c14649
_d14649